Three plays (Record no. 1797)
[ view plain ]
| 000 -LEADER | |
|---|---|
| fixed length control field | 00230nam a2200097 4500 |
| 082 ## - DEWEY DECIMAL CLASSIFICATION NUMBER | |
| Classification number | In |
| Item number | 822.3 EZE |
| 100 ## - MAIN ENTRY--PERSONAL NAME | |
| Personal name | Ezekiel, Nissim |
| 245 ## - TITLE STATEMENT | |
| Title | Three plays |
| Statement of responsibility, etc. | Nissim Ezekiel |
| 260 ## - PUBLICATION, DISTRIBUTION, ETC. | |
| Place of publication, distribution, etc. | Calcutta |
| Name of publisher, distributor, etc. | P. Lal |
| Date of publication, distribution, etc. | c1969 |
| 300 ## - PHYSICAL DESCRIPTION | |
| Extent | 95p.; 22cm. |
| Withdrawn status | Lost status | Damaged status | Not for loan | Home library | Current library | Date acquired | Total Checkouts | Full call number | Barcode | Date last seen | Price effective from | Koha item type | Collection code | Copy number |
|---|---|---|---|---|---|---|---|---|---|---|---|---|---|---|
| North Eastern Hill University | North Eastern Hill University | 18/11/2011 | In 822.3 EZE | A18967 | 18/11/2011 | 18/11/2011 | Books | |||||||
| North Eastern Hill University | North Eastern Hill University | 18/11/2011 | In 822.3 EZE | 3649 | 18/11/2011 | 18/11/2011 | Books | ACADEMIC STAFF COLLEGE | ;1 |
